Modelovanie a riadenie nelineárnych systémov umelými neurónovými sieťami s ortogonálnými aktivačnýcňmi funkciami : Obhaj. 06.07.2006. Č.ved.odb. 38-01-9

Na minha lista:
Detalhes bibliográficos
Autor principal: Kajan, Slavomír, 1972- (Author)
Outros Autores: Kozák, Štefan (Thesis advisor)
Formato: Manuscrito Livro
Idioma:eslovaco
Publicado em: Bratislava : STU v Bratislave FEI, 2006
Assuntos:
Tags: Adicionar Tag
Sem tags, seja o primeiro a adicionar uma tag!

MARC

LEADER 00000ntm a22000003a 4500
001 stu126719
005 20160526105512.1
008 060921s2006------------------------slo-d
040 |a STU  |b slo 
041 0 |a slo 
100 1 |a Kajan, Slavomír,  |d 1972-  |4 aut  |u E010  |T FEI Ústav riadenia a priemyselnej informatiky  |X 4240  |U E010  |Y E010  |7 A000004240 
245 1 |a Modelovanie a riadenie nelineárnych systémov umelými neurónovými sieťami s ortogonálnými aktivačnýcňmi funkciami :  |b Obhaj. 06.07.2006. Č.ved.odb. 38-01-9 
260 |a Bratislava :  |b STU v Bratislave FEI,  |c 2006 
300 |a 116 s 
650 7 |a Automatizácia a riadenie  |2 stusub 
650 7 |a neurónové siete  |2 stusub 
650 7 |a nelineárne systémy  |2 stusub 
700 1 |a Kozák, Štefan  |4 ths  |u E010  |T FEI Ústav riadenia a priemyselnej informatiky  |X 1954  |U E010  |Y E010  |7 1954 
996 |b 284ED01130  |c E*PGŠ-934  |l EE01  |s A  |a 24  |w stu126719_0001